[Event "Montreal 2nd"]
[Site "Montreal"]
[Date "2001.08.04"]
[Round "3"]
[White "Barbeau, Sylvain"]
[Black "Charbonneau, Pascal"]
[Result "1-0"]
[WhiteElo "2365"]
[BlackElo "2405"]
[Annotator "Atlas,V"]
[PlyCount "93"]
[EventDate "2001.08.02"]
[EventType "tourn"]
[EventRounds "11"]
[EventCountry "CAN"]
[EventCategory "9"]
[SourceTitle "CBM 085"]
[Source "ChessBase"]
[SourceDate "2001.11.13"]
[SourceVersion "1"]
[SourceVersionDate "2001.11.13"]
[SourceQuality "1"]

1. e4 c5 2. Nc3 Nc6 3. g3 g6 4. Bg2 Bg7 5. d3 d6 6. Be3 e5 7. Qd2 Nge7 8. Bh6
Bxh6 9. Qxh6 Nd4 10. Qd2 Qa5 11. f4 O-O 12. Nf3 f5 13. O-O exf4 14. gxf4 Bd7
15. Rae1 Rae8 16. e5 dxe5 17. Nxe5 Be6 18. Qf2 Kg7 19. Re3 Ng8 20. Rfe1 Nf6 21.
h3 Qc7 22. Nc4 Bf7 23. a4 b6 24. Ne5 a6 25. Kh2 Bg8 26. Nd1 Ne6 27. Nc3 Qd6 28.
Bc6 Re7 29. Bh1 Rfe8 30. Nc6 Rc7 31. Ne5 Nd4 32. Nd1 Rce7 33. c3 Ne6 34. Bc6
Rc8 35. Bf3 Nd5 36. Bxd5 Qxd5 37. Qg3 Rce8 38. h4 Kf8 39. R1e2 Qb3 40. Nf2 Qxa4
41. Nh3 {Active pieces and good attacking prospects yield White more than
sufficient compensation for a pawn.} Ng7 42. Qg5 Re6 $4 ({A natural move,
which turns out to be a very bad slip. Essential was} 42... Be6) {[%tqu "En",
"White's army is fully mobilized, whereas Black's pieces lack coordination.
How can White exploit this?","Keep in mind the enemy king!","Try to deflect
the black queen.","b2b3","This pawn advancement immediately wins the game.",5]}
43. b3 $1 {[%cal Ge5d7] Now Black is defenseless against White's mate threats.}
h6 (43... Qxb3 {leads to an elegant mate final:} 44. Nd7+ ({Or} 44. Qf6+ $3
Rxf6 45. Nd7+ Kf7 46. Ng5#) 44... Kf7 45. Qf6+ $3 Rxf6 46. Ng5#) (43... Qb5 {
is met} 44. c4 $18) 44. Qxh6 Rxe5 ({Or} 44... Qxb3 45. Nxg6+ Kf7 46. Ng5+ Kf6
47. Nf8+ {, with mate in three.}) 45. bxa4 Rxe3 46. Rxe3 Rxe3 47. Qxg6 1-0

[Event "EU-chT (Men) 14th"]
[Site "Plovdiv"]
[Date "2003.10.12"]
[Round "2.4"]
[White "Jirovsky, Milos"]
[Black "Perunovic, Milos"]
[Result "0-1"]
[WhiteElo "2521"]
[BlackElo "2534"]
[Annotator "Atlas,V"]
[PlyCount "72"]
[EventDate "2003.10.10"]
[EventType "team-swiss"]
[EventRounds "9"]
[EventCountry "BUL"]
[SourceTitle "CBM 098"]
[Source "ChessBase"]
[SourceDate "2004.02.03"]
[SourceVersion "1"]
[SourceVersionDate "2004.02.03"]
[SourceQuality "1"]
[WhiteTeam "Czech Republic"]
[BlackTeam "Serbia & Montenegro"]
[WhiteTeamCountry "CSR"]
[BlackTeamCountry "YUG"]

1. e4 c5 2. Nc3 e6 3. g3 Nc6 4. Bg2 g6 5. d3 Bg7 6. Be3 Nd4 7. Qd2 d6 8. Nd1
Ne7 9. c3 Ndc6 10. Bh6 O-O 11. h4 Bxh6 12. Qxh6 f6 13. Ne2 d5 14. O-O d4 15. c4
e5 16. Qd2 Qd6 17. f4 Bg4 18. Bf3 f5 19. Bxg4 fxg4 20. Kg2 Rf7 21. Nf2 h5 22.
Rae1 Raf8 23. Nd1 Qf6 24. a3 a5 25. b3 exf4 26. Rxf4 Qd6 27. Ref1 Ne5 28. Rxf7
Rxf7 29. Rxf7 Kxf7 30. Qf4+ Ke6 31. Nb2 Kd7 32. Qf8 a4 $5 {An interesting move
intending to weaken White's queenside. Ein interessanter Zug mit der Absicht,
den weißen Damenflügel zu schwächen.} 33. Qa8 (33. Nxa4 $5 Nxd3 34. Nf4 {
deserved serious attention. kam sehr in Betracht}) (33. bxa4 $2 {fails to
scheitert an} Qb6 {, and White's position is defenseless. , wonach die weiße
Stellung zusammenbricht.}) 33... Qc6 34. Qh8 $4 ({A big mistake allowing for a
nice petite combination. Correct was Dieser schwere Fehler erlaubt eine
hübsche "petite combination". Korrekt war} 34. Qxa4 Qxa4 35. bxa4 {, with an
unclear ending. mit unklarem Endspiel.}) {[%tqu "En","How can Black use
White's last imprudent move?","Destroy White's central pawn chain.","Sacrifice
your knight!","e5d3","This is very simple and very neat.",4,"De","Wie kann
Schwarz die letzte Unvorsichtigkeit des Gegners ausnutzen?","Vernichten Sie
die weiße Bauernkette im Zentrum.","Opfern Sie Ihren Springer!","e5d3","Ebenso
einfach wie hübsch.",4]} 34... Nxd3 $1 {[%csl Rb2,Gc6,Gd3,Re2,Re4,Rg2] This
excellent move destroys White's central bastion and spells a quick end for
White. Dieser ausgezeichnete Zug zerschlägt die weiße Zentrumsbastion und
führt zu einem schnellen Ende für Weiß.} 35. Nxd3 Qxe4+ 36. Kf2 Qxd3 (36...
Qxd3 {, and White resigned in view of the line: , und Weiß gab auf angesichts
des Abspiels} 37. bxa4 Qe3+ 38. Kf1 d3) 0-1

[Event "GER-ch 75th"]
[Site "Hoeckendorf"]
[Date "2004.02.07"]
[Round "9"]
[White "Bastian, Herbert"]
[Black "Bindrich, Falko"]
[Result "1-0"]
[WhiteElo "2384"]
[BlackElo "2308"]
[Annotator "Atlas,V"]
[PlyCount "55"]
[EventDate "2004.01.30"]
[EventType "swiss"]
[EventRounds "9"]
[EventCountry "GER"]
[SourceTitle "CBM 100"]
[Source "ChessBase"]
[SourceDate "2004.06.01"]
[SourceVersion "1"]
[SourceVersionDate "2004.06.01"]
[SourceQuality "1"]

1. e4 c5 2. Nc3 Nc6 3. g3 g6 4. Bg2 Bg7 5. d3 d6 6. Be3 Rb8 7. Qd2 b5 8. Nge2
b4 9. Nd1 Nd4 10. O-O e5 11. c3 bxc3 12. bxc3 Nxe2+ 13. Qxe2 Ne7 14. f4 exf4
15. Bxf4 O-O 16. Qd2 Nc6 17. Bh6 Be6 18. Bxg7 Kxg7 19. Ne3 Qa5 $2 ({Auf} 19...
f6 {is strongly met by folgt stark} 20. d4 $1 {, with excellent attacking
prospects for White. mit vorzüglichen Angriffsaussichten für Weiß.}) (19... Ne5
{deserved here serious attention. verdiente hier ernsthafte Aufmerksamkeit.})
20. Nf5+ $1 {[%csl Gd2,Ge4,Gf1,Gf5,Rg7][%cal Gd2g5,Gf1f6] The courageous
knight thrust yields White a strong initiative on the kingside. Der mutige
Springerausfall verschafft Weiß eine starke Initiative am Königsflügel.} gxf5
21. exf5 Ne5 $1 ({The only move. Der einzige Zug.} 21... Bd7 {loses in view of
verliert wegen} 22. f6+ Kh8 23. Qh6 Rg8 24. Be4) 22. Qg5+ Ng6 23. fxg6 hxg6 24.
Qf6+ Kg8 25. Rae1 $5 Rbe8 $2 ({A wrong decision. Essential was Eine falsche
Entscheidung. Erforderlich war} 25... Qxa2 {, and und nach} 26. c4 $2 {is
strongly met by folgt dann stark} Qd2 (26... Rb2 {is another good alternative
ist eine weitere gute Alternative.}) 27. Rxe6 Rb2) 26. Bc6 Rc8 $2 ({A decisive
mistake. Ein entscheidender Fehler.} 26... Qc7 {was more stubborn, although
after war hartnäckiger, obwohl nach} 27. Bxe8 Rxe8 28. d4 {White has excellent
winning prospects. Weiß ausgezeichnete Gewinnaussichten hat.}) {[%tqu "En",
"How can White convert the activity of his pieces into a full point?",
"Eliminate a key defender of the enemy king!","White's e1-rook shall deliver
the decisive blow...","e1e6","After this strike Black's position is
defenseless.",5,"De","Wie kann Weiß die Aktivität seiner Figuren in den vollen
Punkt ummünzen?","Eliminieren Sie einen Schlüsselverteidiger des feindlichen
Königs!","Der weiße Turm e1 soll den entscheidenden Schlag versetzen.","e1e6",
"Nach diesem Schlag ist die schwarze Stellung ohne Verteidigung.",5]} 27. Rxe6
$1 {[%csl Ge6,Gf1,Gf6,Rf7,Rg6,Rg8][%cal Gf1f8] The thrust of the white rook
destroys Black's defensive construction and yields White an irresistible
attack. Der Einschlag des weißen Turms zerstört die schwarze
Defensivkonstruktion und verschafft dem Anziehenden unwiderstehlichen Angriff.}
Rxc6 (27... fxe6 {falls short of scheitert an} 28. Qxg6+ Kh8 29. Qh6+ Kg8 30.
Qxe6+ Kg7 31. Qe7+ Kh6 32. Rxf8 {, with inevitable mate. mit unweigerlichem
Matt.}) 28. Re8 $1 {[%csl Ge8,Gf1,Gf6,Rf7,Rf8,Rg8][%cal Gf1f7]} (28. Re8 $1 {
This beautiful move is the shortest way to the victory. Black resigned in view
of inevitable mate: Dieser schöne Zug ist der kürzeste Weg zum Sieg. Schwarz
gab auf, denn er wird unweigerlich matt:} Qxa2 (28... Rxe8 29. Qxf7+ Kh8 30.
Qxe8+ Kh7 31. Rf7+ Kh6 32. Qh8+ Kg5 33. Qh4#) 29. Rxf8+ Kxf8 30. Re1 Kg8 31.
Re8+ Kh7 32. Rh8#) 1-0

[Event "GER-ch 77th"]
[Site "Osterburg"]
[Date "2006.02.07"]
[Round "5"]
[White "Bastian, Herbert"]
[Black "Naumann, Alexander"]
[Result "0-1"]
[WhiteElo "2413"]
[BlackElo "2532"]
[Annotator "Babula,V"]
[PlyCount "108"]
[EventDate "2006.02.03"]
[EventType "swiss"]
[EventRounds "9"]
[EventCountry "GER"]
[SourceTitle "CBM 112"]
[Source "ChessBase"]
[SourceDate "2006.06.07"]
[SourceVersion "1"]
[SourceVersionDate "2006.06.07"]
[SourceQuality "1"]

1. e4 c5 2. Nc3 Nc6 3. g3 g6 4. Bg2 Bg7 5. d3 d6 6. Be3 {The main line of the
Closed Sicilian.} e5 {A quite popular continuation, Black takes the d4 square
under greater control. The weakening of the d5 square is not so significant,
as Black will cover it by Ng8-e7.} ({The main continuation is} 6... e6 {
One of the line goes} 7. Qd2 Nge7 8. Bh6 O-O 9. Bxg7 Kxg7 10. Nge2 e5 {and we
get the position from our game, but with White's move.}) 7. Qd2 Nge7 8. Bh6 {
White wants to exchange the dark squared bishops and then to exploit weakened
dark squares in Black's position.} ({Practice showed that after} 8. Nge2 {
Black has no problems at whatsoever} Nd4 9. O-O O-O 10. f4 Be6 $11 {The
conclusion was that White's knight is too passive on e2 and White looked for
more dangerous setups with the knight developed to f3 or to h3.}) ({The
drawback of} 8. h4 {is the weakened g4 square, for example} h5 9. Nh3 Nd4 10.
f4 Bg4 $11) ({Perhaps the best for White is} 8. f4 Nd4 9. Nf3 O-O 10. O-O {
, but here became popular} exf4 $5 11. Bxf4 Nxf3+ 12. Rxf3 Qb6 $11 {1/2 Adams,
M (2708)-Kramnik,V (2760)/Las Vegas 1999/CBM 072/[Donev] (78)}) 8... O-O {
A solid continuation.} ({But deserves attention} 8... Bxh6 $5 9. Qxh6 Nd4 {
[%csl Rc2] The situation looks favourable for Black, for example} 10. Qd2 (10.
O-O-O Be6 $11 (10... b5 $5) 11. Qg7 $140 $6 Kd7 12. f4 $4 Nef5 $1 {[%csl Rg7]})
(10. Rc1 Be6 11. Nf3 Nxf3+ 12. Bxf3 Qd7 $11 {[%cal Ye8c8]}) 10... Qa5 $11 (
10... Be6 $6 11. Nd5 {[%cal Yc2c3]})) 9. Bxg7 ({After Black's castle looks the
most logical immediate advance of White's h pawn} 9. h4 $5 {for example} Bxh6 (
{no reason at all has} 9... f5 $6 10. h5) ({also weaker is} 9... f6 $6 10. Bxg7
(10. h5 $4 Bxh6 11. Qxh6 g5 {[%csl Rh6][%cal Ye7g8,Yg8h8]}) 10... Kxg7 11. h5
g5 12. h6+ Kh8 13. f4 $14 {[%cal Ye1c1]}) 10. Qxh6 f6 (10... Nd4 $2 11. h5 $1)
11. Qd2 (11. h5 $4 g5) 11... Nd4 12. Nd1 f5 $5 $13 {1/2 Strijbos,M (2250)-Van
der Wiel,J (2520)/Vlissingen 73/183 1998/[Van der Wiel,J] (39)}) 9... Kxg7 10.
Nge2 {As I write above, the knight is here too passive.} ({Also} 10. h4 h5 {
leads nowhere}) ({The most promising is} 10. f4 Nd4 11. Nf3 Bg4 12. O-O {
, but anyway the position is about equal , for example} Bxf3 $5 (12... Qd7 $2
13. fxe5 $1 Nxf3+ (13... Bxf3 14. exd6 Bxg2 15. dxe7) 14. Bxf3 dxe5 15. Bxg4
Qxg4 16. Qf2 $16 {[%csl Rc5,Rf6]}) 13. Bxf3 Qb6 $11 {0-1 Narayana,S (2255)
-King,D (2500)/Calcutta 1993/EXT 98 (31)}) 10... Nd4 (10... Be6 {is also
possible, for example} 11. O-O f6 12. f4 Nd4 13. Nd1 Nxe2+ 14. Qxe2 exf4 15.
Rxf4 d5 16. exd5 Bxd5 17. Ne3 Bxg2 18. Qxg2 Qd7 $11 {0-1 Bakhrakh,V (2215)
-Vaulin,A (2510)/St Petersburg 1995/CBM 046 ext (48)}) 11. Nxd4 $6 {This
exchange isn't desirable for White.} ({The correct is} 11. O-O $142 Rb8 12. Nd1
$11 {[%cal Yc2c3,Yd1e3] 1/2 Maiorov,O (2435)-Zakharstov,V (2430)/Cherkessk
1997/EXT 99}) 11... cxd4 12. Ne2 Be6 {Technically a novelty.} (12... Bg4 {
0-1 Bader,G (2065)-Herzog,K (2105)/Schwaebisch Gmuend 1998/EXT 2006 (52)}) 13.
O-O Rc8 14. c3 dxc3 15. bxc3 (15. Nxc3 $143 $6 Nc6 $15 {[%csl Gd4]}) 15... f6 {
This position is approximately equal, but already more comfortable for Black.
He has a better bishop and the pawn structure as well.} 16. Rab1 b6 17. Rb2 Qd7
18. f4 Bg4 19. Bf3 Bxf3 20. Rxf3 d5 $15 21. Qe3 Nc6 22. Rf1 Rce8 23. f5 dxe4
24. Qxe4 (24. dxe4 Rd8 $15) 24... Ne7 25. g4 Qc6 $6 {The queens swap is
useless.} (25... gxf5 $142 26. gxf5 Kh8 $15) 26. Qxc6 Nxc6 27. Ng3 Rd8 28. Rd2
Ne7 29. Ne4 $6 (29. Rf3 $142 $11 {[%cal Yg1f2,Yf2e2]}) 29... gxf5 30. gxf5 Kf7
$15 {Now White has problems with his f5 weakness.} 31. Rf3 Rg8+ 32. Kf1 Rg4 33.
Rdf2 h5 34. Rg2 $6 (34. h3 $15) 34... Nd5 35. Rgg3 $2 (35. Rgf2 $142 $15) (35.
Rxg4 $142 hxg4 36. Rg3 Ne7 $15) 35... Rdg8 $2 ({Both players overlooked or
underestimated} 35... Nf4 $142 $1 {White is forced to play} 36. Nf2 ({as it
doesn't work} 36. d4 {due to} Rh4 $1 37. dxe5 $140 Rd1+ 38. Kf2 Rxh2+ 39. Ke3
Nd5#) 36... Rh4 $17) 36. Ke2 h4 37. Rxg4 Rxg4 38. a3 Ke7 $15 39. Kf1 a5 $6 (
39... Nf4 $5 40. h3 Rg8 41. d4 b5 $5) 40. h3 Rg8 41. c4 {White doesn't want to
wait passively.} Nf4 42. d4 Rc8 43. dxe5 fxe5 44. f6+ Ke6 45. Rb3 Rc6 46. Kf2 (
46. a4 Kf5 47. f7 Ng6 48. Nf2 Kf6 49. Rf3+ Ke7 $15) 46... a4 47. Rc3 Kf7 48.
Kf3 Nh5 49. Kg4 $2 {A decisive mistake.} ({Necessary is} 49. Rd3 $142 $15)
49... Nxf6+ 50. Nxf6 Kxf6 $17 51. Rc1 (51. Kxh4 e4 {[%cal Yf6e5]}) 51... Rc5 $6
({More accurate is} 51... Rd6 $142 52. Kxh4 Rd4+ 53. Kg3 Rd3+ $17) 52. Rf1+ $2
{It loses without any resistance.} (52. Kxh4 $142 Ke6 {[%cal Yb6b5]} (52... b5
$2 53. Rf1+) 53. Rb1 Rxc4+ 54. Kg5 Rc3 55. Rxb6+ Kd5 $17) 52... Kg6 $19 53. Rb1
Rxc4+ 54. Kf3 Kf5 0-1

[Event "San Martin"]
[Site "San Martin"]
[Date "1995.??.??"]
[Round "8"]
[White "Valerga, Diego"]
[Black "Scarella, Enrique Alejandro"]
[Result "1-0"]
[WhiteElo "2465"]
[BlackElo "2380"]
[Annotator "Baburin,A"]
[PlyCount "65"]
[EventDate "1995.03.??"]
[EventType "tourn"]
[EventRounds "13"]
[EventCountry "ARG"]
[EventCategory "10"]
[SourceTitle "CBM 048"]
[Source "ChessBase"]
[SourceDate "1995.10.01"]
[SourceVersion "1"]
[SourceVersionDate "1995.10.01"]
[SourceQuality "1"]

1. e4 c5 2. Nc3 Nc6 3. g3 g6 4. Bg2 Bg7 5. d3 Rb8 6. Be3 d6 7. Nge2 Nd4 8. O-O
e6 9. Qd2 Qd7 10. Rab1 b6 11. f4 f5 12. Bf2 Ne7 13. Nxd4 cxd4 14. Ne2 e5 15. c3
dxc3 16. bxc3 Bb7 {At the moment the Black P on the Qside are OK, but if we
magine the position without the aP, then the b6P will be weak and in need of
protection. So, it's time to employ the Minority Attack!} 17. a4 $1 O-O 18. a5
Nc8 19. axb6 axb6 20. Rb4 Kh8 21. Rfb1 Bc6 22. c4 Qf7 23. Be3 h5 24. Rf1 Qe7
25. Nc3 Re8 26. Nd5 Bxd5 27. cxd5 Rf8 28. Qe2 Rb7 29. exf5 Rxf5 30. Bh3 Rf8 31.
Be6 Qf6 32. fxe5 Qxe5 33. Rxf8+ 1-0

[Event "Novy Smokovec"]
[Site "Novy Smokovec"]
[Date "1992.??.??"]
[Round "?"]
[White "Romanishin, Oleg M"]
[Black "Van Wely, Loek"]
[Result "1-0"]
[WhiteElo "2555"]
[BlackElo "2525"]
[Annotator "Blatny,P"]
[PlyCount "59"]
[EventDate "1992.??.??"]
[EventType "tourn"]
[EventRounds "9"]
[EventCountry "CSR"]
[EventCategory "10"]
[SourceTitle "CBM 033"]
[Source "ChessBase"]
[SourceDate "1993.04.01"]
[SourceVersion "1"]
[SourceVersionDate "1993.04.01"]
[SourceQuality "1"]

1. e4 c5 2. Nc3 e6 3. g3 Nc6 4. Bg2 g6 5. d3 Bg7 6. Be3 d6 7. Qd2 Rb8 (7...
Nge7 8. Nge2 Nd4 9. O-O O-O 10. Rae1 Nec6 11. Nd1 Qa5 12. Qxa5 Nxa5 13. Nxd4
cxd4 14. Bd2 Nc6 15. f4 Bd7 16. Bf3 a5 $15 {Pokojowczyk-Polugaevski, Sochi 1976
}) (7... Qa5 8. Nge2 Nd4 9. O-O Ne7 10. Kh1 Nec6 11. a3 Nxe2 12. Qxe2 Nd4 13.
Qd2 O-O 14. Rab1 Rb8 15. f4 f5 $13 {Panbukchian-Popov, Sofia 1978}) 8. Nge2 (8.
Nh3 Nd4 9. O-O b5 10. Kh1 b4 11. Nd1 h6 12. f4 Ne7 13. Bg1 O-O 14. Ne3 f5 15.
exf5 exf5 {Romanishin-Geller, Sochi 1983}) (8. Nf3 Nd4 9. Bxd4 cxd4 10. Nb5 Qb6
11. Qb4 Kd7 12. e5 dxe5 13. Nd2 a5 14. Qa4 Kd8 15. Nc4 $14) 8... Nd4 9. O-O (9.
Bxd4 cxd4 10. Nb5 Qb6 11. Qb4 Ke7 12. Qb3 a6 13. Na3 Qxb3 14. axb3 b5 $10) 9...
Ne7 (9... b5 10. Nd1 Ne7 11. Nxd4 cxd4 12. Bh6 O-O 13. Bxg7 Kxg7 14. f4 f6 15.
Bh3 e5 $10 {Spasskij-Portisch, Mexico 1980}) 10. Bh6 $5 Nxe2+ 11. Nxe2 Bxb2 (
11... O-O $142) 12. Rab1 Bf6 13. d4 $1 {ע[+]} cxd4 14. Nxd4 a6 (14... Nc6 15.
Nb5 Be7 16. Rfd1 $40) 15. Rfd1 Bd7 16. Nf3 Nc8 17. e5 dxe5 (17... Bxe5 $2 18.
Nxe5 dxe5 19. Bg7 Rg8 20. Bxe5 Ra8 21. Rxb7 $18) 18. Ng5 {/\Ne4,><d6,f6} Be7
19. Ne4 (19. Nxf7 $6 Kxf7 20. Qxd7 Qxd7 21. Rxd7 b6 $13) 19... Rg8 (19... f6
20. Bg7 Rg8 21. Bxf6 $1 Bxf6 22. Nxf6+ Qxf6 23. Qxd7+ Kf8 24. Qc7 $18) 20. Bg5
Bxg5 (20... Qc7 21. Bxe7 Kxe7 22. Qg5+ Kf8 23. Nf6 $18) 21. Nxg5 b5 22. Ne4 (
22. Nxf7 $2 Kxf7 23. Qxd7+ Ne7 $14) 22... Nb6 23. Qd6 {/\Nf6} Rc8 24. Qxe5 f5 (
24... Qe7 25. Nf6+ Kf8 26. Nxh7+ Ke8 27. Nf6+ Kf8 28. Qd4 $18) 25. Nd6+ Ke7 (
25... Kf8 26. Nxc8 Nxc8 27. Bc6 $18) 26. Nxc8+ Nxc8 27. Qc5+ Kf6 28. Bc6 $18
Rg7 29. Qd4+ e5 30. Qh4+ (30. Qh4+ g5 31. Qh6+ Rg6 32. Rxd7 Qxd7 33. Qxg6+ $18)
1-0

[Event "Kecskemet"]
[Site "Kecskemet"]
[Date "1992.??.??"]
[Round "1"]
[White "Hracek, Zbynek"]
[Black "Aseev, Konstantin N"]
[Result "1-0"]
[WhiteElo "2460"]
[BlackElo "2560"]
[Annotator "Blatny,P"]
[PlyCount "83"]
[EventDate "1992.04.??"]
[EventType "tourn"]
[EventRounds "13"]
[EventCountry "HUN"]
[EventCategory "9"]
[SourceTitle "CBM 029"]
[Source "ChessBase"]
[SourceDate "1992.08.01"]
[SourceVersion "1"]
[SourceVersionDate "1992.08.01"]
[SourceQuality "1"]

1. e4 c5 2. Nc3 Nc6 3. g3 g6 4. Bg2 Bg7 5. d3 d6 6. Be3 e5 7. Qd2 h5 $6 (7...
Nge7 $142 8. Bh6 O-O 9. h4 f6 10. O-O-O $13) 8. h4 Nge7 9. Nh3 Nd4 10. Nd1 (10.
f4 $5 Bg4 (10... Bxh3 11. Rxh3 $14 {^^}) 11. O-O Qd7 12. Kh2 {/\Rf2,Raf1 ->
<->f}) 10... d5 $36 11. c3 Ne6 {/\d4} 12. Qe2 (12. exd5 $2 Nxd5 $17) 12... d4 (
12... b6 $5) 13. Bd2 b5 14. Ng5 Nc6 15. O-O Nxg5 $6 (15... Qd6 16. Nxe6 Bxe6
17. f4 $132) (15... dxc3 $5 16. Nxe6 (16. bxc3 b4) 16... Bxe6 17. Nxc3 (17.
bxc3 b4 {/\ ><d4}) 17... Nd4 18. Qd1 {/\Nd5=/+}) 16. Bxg5 f6 (16... Qd6 $142
17. Rc1 Bg4 18. f3 Be6 19. a3 $15) 17. Bd2 Bg4 18. f3 Be6 19. f4 $13 c4 20. f5
$8 cxd3 21. Qf3 dxc3 (21... Bf7 $2 22. fxg6 Bxg6 23. Qxd3 $14) 22. bxc3 Bf7 23.
fxg6 Bxg6 24. Ne3 $44 {><f5,d5} Ne7 25. Nf5 Bf8 (25... Nxf5 $4 26. exf5 $18) (
25... Bxf5 $6 26. exf5 Rb8 27. a4 $40 {עe8}) 26. a4 bxa4 27. Rxa4 Bf7 $2 (
27... Nc8 {/\Nb6} 28. Rc4 $22 Nb6 $2 (28... Rb8 $13) 29. Rc6 Rc8 30. Re6+ Kd7
31. Bh3 $1 Kxe6 32. Ne7+ $18) 28. Nh6 $1 Nc8 (28... Bxh6 $2 29. Qxf6 $18) (
28... Rxh6 29. Bxh6 Bxh6 30. Qxf6 Be3+ 31. Kh2 Bg6 32. Bh3 $18) 29. Nxf7 Kxf7
30. Rfa1 Rb8 31. Ra5 Rb2 32. Rd5 Qb6+ 33. Be3 Rb1+ 34. Kh2 Qb7 35. Rxb1 Qxb1
36. Bg5 Be7 37. Rxe5 $18 Qb6 38. Be3 Qc6 39. Bh3 $1 Qxc3 40. Be6+ Ke8 (40...
Kg6 41. Rg5+ $1 fxg5 42. Qf7+ Kh6 43. Bf5 $1 Qg7 (43... Qc6 44. hxg5+ Bxg5 45.
Bxg5+ Kxg5 46. Qg7+ $18) 44. Qe6+ Bf6 45. hxg5+ Qxg5 46. Qxf6#) 41. Rxh5 Rf8
42. Rd5 1-0

[Event "Interpolis"]
[Site "Tilburg"]
[Date "1992.10.10"]
[Round "1.4"]
[White "Hjartarson, Johann"]
[Black "Novikov, Igor A"]
[Result "1-0"]
[WhiteElo "2595"]
[BlackElo "2585"]
[Annotator "Blatny,P"]
[PlyCount "67"]
[EventDate "1992.10.08"]
[EventType "k.o."]
[EventRounds "7"]
[EventCountry "NED"]
[SourceTitle "CBM 032"]
[Source "ChessBase"]
[SourceDate "1993.02.01"]
[SourceVersion "1"]
[SourceVersionDate "1993.02.01"]
[SourceQuality "1"]

{Barrage 30'} 1. e4 c5 2. Nc3 d6 3. g3 Nc6 4. Bg2 g6 5. d3 Bg7 6. Be3 e6 7. Qd2
Nd4 8. Nd1 e5 9. c3 Nc6 10. Ne2 Nge7 11. Bh6 O-O 12. Bxg7 (12. h4 {/\->}) 12...
Kxg7 13. Ne3 {><d5,->>> /\Nf5} Be6 {/\ -> [+]} 14. h4 d5 (14... f5 $5 $13) 15.
exd5 (15. h5 dxe4 16. dxe4 (16. Bxe4 f5 17. Bg2 c4 $5 $13) 16... Qxd2+ $10 {_|_
}) 15... Nxd5 16. h5 {/\17.Nd5 Bd5 18.hg hg 19.Qh6 +-} Nde7 (16... Nxe3 $2 17.
Qxe3 Bd5 18. hxg6 $18) 17. f4 f6 18. hxg6 hxg6 19. fxe5 Nxe5 20. Nf4 (20. O-O-O
Qa5 $132) 20... Bf7 21. d4 cxd4 22. cxd4 N5c6 23. d5 Ne5 24. d6 Ng8 (24... N7c6
$142 25. O-O-O $40 (25. Bxc6 bxc6 26. Qh2 Rh8) (25. Nf5+ $2 gxf5 26. Ne6+ Bxe6
27. Qh6+ Kf7 28. Qh5+ Ng6 29. Qh7+ Ke8 30. Qxg6+ Bf7 $19)) 25. Bxb7 Rb8 (25...
Nh6 26. Rxh6 $1 Kxh6 27. Nf5+ Kh7 $8 28. Ne6 $18) 26. Qh2 Re8 27. Bd5 Nf3+ $2 (
27... Bxd5 28. Qh8+ Kf8 29. Nfxd5 $13) 28. Bxf3 Rxe3+ 29. Be2 Qxd6 30. Qh8+ Kf8
31. Rh7 $18 Ke7 32. Rd1 Qb4+ 33. Kf1 Qxb2 34. Rxf7+ (34. Rxf7+ Kxf7 35. Qh7+
Kf8 (35... Ke8 36. Qxg8+ Ke7 37. Nxg6#) 36. Nxg6+ Ke8 37. Qd7#) 1-0

[Event "Plovdiv"]
[Site "Plovdiv"]
[Date "1986.??.??"]
[Round "8"]
[White "Kurtenkov, Atanas"]
[Black "Khalifman, Alexander"]
[Result "1-0"]
[WhiteElo "2455"]
[BlackElo "2490"]
[Annotator "Bulletin"]
[PlyCount "55"]
[EventDate "1986.06.24"]
[EventType "tourn"]
[EventRounds "11"]
[EventCountry "BUL"]
[EventCategory "10"]
[SourceTitle "EXT 2000"]
[Source "ChessBase"]
[SourceDate "1999.11.16"]
[SourceVersion "1"]
[SourceVersionDate "1999.11.16"]
[SourceQuality "1"]

1. e4 c5 2. Nc3 Nc6 3. g3 g6 4. d3 Bg7 5. Be3 d6 6. Bg2 Qa5 (6... Nd4) 7. Nge2
Nd4 8. Bd2 $5 Bg4 $6 9. O-O Nf3+ 10. Kh1 Nxd2 11. Qxd2 Bxe2 12. Qxe2 e6 13. f4
Bxc3 $6 14. bxc3 Qxc3 15. Rab1 Rb8 16. f5 Qe5 17. d4 $3 Qxd4 (17... cxd4 18.
Rb5 Qg7 19. fxe6 fxe6 20. Qc4 Qd7 21. Bh3 $18) 18. fxe6 fxe6 19. Qb5+ Ke7 20.
Qa5 Nf6 21. Qc7+ Nd7 22. Rf7+ $1 $18 Kxf7 23. Qxd7+ Kf6 24. Rf1+ Kg5 25. Qe7+
Kh6 26. Qh4+ Kg7 27. Qe7+ Kh6 28. Rf4 1-0